Income diversification for rubber farmers through agro-forestry practices: How to overcome rubber prices volatility in Phatthalung province, Thailand (Record no. 60995)

MARC details
000 -LEADER
fixed length control field 00839nam a2200181Ia 4500
100 ## - MAIN ENTRY--AUTHOR NAME
Personal name Stroesser L
245 #0 - TITLE STATEMENT
Title Income diversification for rubber farmers through agro-forestry practices: How to overcome rubber prices volatility in Phatthalung province, Thailand
260 ## - PUBLICATION, DISTRIBUTION, ETC. (IMPRINT)
Name of publisher Sustainability of the NR Industry: Issues, Challenges & Opportunities: International Rubber Conference, 21-22 November 2016, Cambodian Rubber Research Institute (CRRI) and International Rubber Research and Development Board (IRRDB), Siem Reap, Cambodia, pp.76-97.
650 ## - SUBJECT ADDED ENTRY--TOPICAL TERM
Topical Term Agro-forestry
650 ## - SUBJECT ADDED ENTRY--TOPICAL TERM
Topical Term Diversification
650 ## - SUBJECT ADDED ENTRY--TOPICAL TERM
Topical Term Economic modeling
650 ## - SUBJECT ADDED ENTRY--TOPICAL TERM
Topical Term Price volatility
650 ## - SUBJECT ADDED ENTRY--TOPICAL TERM
Topical Term Prospective analysis
650 ## - SUBJECT ADDED ENTRY--TOPICAL TERM
Topical Term Rubber trees
650 ## - SUBJECT ADDED ENTRY--TOPICAL TERM
Topical Term Structural typology
942 ## - ADDED ENTRY ELEMENTS (KOHA)
Koha item type Journals
Holdings
Withdrawn status Lost status Damaged status Not for loan Home library Current library Shelving location Date acquired Koha item type
      Journals RRII Library RRII Library Economics 01/01/2021 Journals